Stochastické modely v neživotnom poistení
Enregistré dans:
| Auteur principal: | |
|---|---|
| Format: | Chapitre de livre |
| Langue: | slovaque |
| Sujets: | |
| Tags: |
Pas de tags, Soyez le premier à ajouter un tag!
|
MARC
| LEADER | 00000nla a2200000 4500 | ||
|---|---|---|---|
| 001 | 0157213 | ||
| 005 | 20240502072739.2 | ||
| 041 | 0 | |a slo | |
| 044 | |a SK | ||
| 245 | 1 | 0 | |a Stochastické modely v neživotnom poistení |c Barbora Simanová |
| 500 | |a Abstrakt | ||
| 610 | 2 | 0 | |a poisťovníctvo |
| 610 | 2 | 0 | |a poisťovne |
| 610 | 2 | 0 | |a poistenie neživotné |
| 610 | 2 | 0 | |a riziko poistné |
| 610 | 2 | 0 | |a matematika poistná |
| 610 | 2 | 0 | |a modely stochastické |
| 100 | 1 | |a Simanová, Barbora | |